Statistics for Can you name all 75 cities with over 100,000 people in California?

Click here to take the quiz!

General Stats

  • This quiz has been taken 61 times
  • The average score is 41 of 75

Answer Stats

RankCityPopulation% Correct
1Los Angeles3,979,576
100%
6Sacramento513,624
100%
2San Diego1,423,851
100%
4San Francisco881,549
100%
3San Jose1,021,795
98%
5Fresno542,012
96%
8Oakland433,031
96%
12Riverside331,360
89%
10Anaheim350,365
87%
9Bakersfield384,145
87%
14Irvine287,401
87%
7Long Beach462,628
87%
17San Bernardino215,784
85%
11Santa Ana332,318
81%
13Stockton312,697
79%
24Huntington Beach199,223
70%
18Modesto215,196
70%
41Pasadena141,029
68%
73Burbank102,511
66%
45Santa Clara130,365
66%
15Chula Vista274,492
64%
21Santa Clarita212,979
64%
51Berkeley121,363
62%
22Oxnard208,881
62%
27Santa Rosa176,753
62%
16Fremont241,110
57%
38Escondido151,625
55%
42Orange138,669
55%
64Inglewood108,151
51%
28Oceanside175,742
51%
25Ontario185,010
51%
20Moreno Valley213,055
49%
44Visalia134,605
49%
66Daly City106,280
47%
23Glendale199,303
47%
33Lancaster157,601
47%
34Salinas155,465
47%
68San Mateo104,430
47%
65Santa Maria107,263
47%
56Temecula114,761
47%
39Torrance143,592
47%
19Fontana214,547
45%
35Palmdale155,079
45%
36Sunnyvale152,603
45%
50Vallejo121,692
45%
63Ventura109,106
45%
71Chico103,301
43%
31Corona169,868
43%
29Elk Grove174,775
43%
43Fullerton138,632
43%
26Rancho Cucamonga177,603
43%
32Hayward159,203
40%
37Pomona151,691
40%
47Thousand Oaks126,813
40%
49Victorville122,385
40%
55Carlsbad115,382
38%
30Garden Grove171,644
38%
61Richmond110,567
38%
48Simi Valley125,613
38%
67West Covina105,101
38%
59Antioch111,502
36%
72El Cajon102,708
36%
46Concord129,295
34%
40Roseville141,500
34%
75Vacaville100,670
34%
58Costa Mesa113,003
32%
60Downey111,126
32%
54El Monte115,487
32%
52Fairfield117,133
32%
57Clovis114,582
30%
74Vista101,638
30%
62Jurupa Valley109,527
28%
69Norwalk103,949
28%
53Murrieta116,223
23%
70Rialto103,526
23%

Score Distribution

Percentile by Number Answered

Percent of People with Each Score

Your Score History

You have not taken this quiz